|
|
|
|
| LEADER |
00000nab a2200000 a 4500 |
| 001 |
vtls000694526 |
| 003 |
SK-MaSNL |
| 005 |
20260304085929.0 |
| 008 |
250425c1999 xo 0 slo |
| 015 |
|
|
|a SNBRB1999/05-14146
|
| 035 |
|
|
|a CLN000046693
|
| 035 |
|
|
|a urn:nbn:sk:snk-ab78za
|
| 035 |
|
|
|a (uuid)41ce413e-ed6c-41e7-b7cc-56a93af67bc1
|
| 035 |
|
|
|a (urnnbn)urn:nbn:sk:snk:ar-a077ug
|
| 035 |
|
|
|a (sysno)vtls000694526
|
| 040 |
|
|
|a SNKBUCL
|b slo
|c SNKBUCL
|e AACR2
|
| 041 |
0 |
|
|a eng
|
| 044 |
|
|
|a xo
|c SK
|
| 080 |
|
|
|a 903.2.002.3:303.4
|2 1997
|
| 100 |
1 |
|
|a Hovorka, Dušan,
|d 1933-
|4 aut
|9 103845
|
| 245 |
1 |
0 |
|a Raw materials of the Neolitic artefacts
|b new interdisciplinary IGCP/UNESCO project actepted IGCP/UNESCO. Project No. 442
|c Dušan Hovorka
|
| 610 |
|
7 |
|a Suroviny neolitických artefaktov (projekt)
|2 snkbucl
|9 1380156
|
| 655 |
|
7 |
|a články z novín a časopisov
|2 snkbucl
|9 267496
|
| 773 |
0 |
|
|t Geologica carpathica
|g Roč. 50, č. 2 (1999), s. 192
|x 1335-0552
|
| 850 |
|
|
|a Slovenská národná knižnica
|
| 852 |
|
|
|a Slovenská národná knižnica
|
| 958 |
|
|
|a article27
|
| 958 |
|
|
|a OND
|
| 958 |
|
|
|a EUIPO
|
| 999 |
|
|
|c 2809708
|d 2811638
|